|
|
|
|
| LEADER |
02361nam a2200625 i 4500 |
| 001 |
nkc20243597370 |
| 003 |
CZ PrNK |
| 005 |
20240513084952.0 |
| 007 |
ta |
| 008 |
240328s2024 xr a f f 000 0 cze |
| 015 |
|
|
|a cnb003597370
|
| 020 |
|
|
|a 978-80-87902-40-0
|q (brožováno)
|
| 035 |
|
|
|a (OCoLC)1433647315
|
| 040 |
|
|
|a OLA001
|b cze
|e rda
|
| 041 |
0 |
|
|a cze
|b cze
|b eng
|
| 072 |
|
7 |
|a 58
|x Botanika
|2 Konspekt
|9 2
|
| 080 |
|
|
|a 582.546.12
|2 MRF
|
| 080 |
|
|
|a 633.16
|2 MRF
|
| 080 |
|
|
|a 581.13
|2 MRF
|
| 080 |
|
|
|a 581.43
|2 MRF
|
| 080 |
|
|
|a 581.144.2
|2 MRF
|
| 080 |
|
|
|a 581.112
|2 MRF
|
| 080 |
|
|
|a (083.744)
|2 MRF
|
| 100 |
1 |
|
|a Klem, Karel,
|d 1969-
|7 xx0128564
|4 aut
|
| 245 |
1 |
0 |
|a Vyhodnocení architektury kořenového systému a osmotického přizpůsobení u ječmene /
|c Karel Klem, Hana Findurová, Otmar Urban, Petr Holub
|
| 264 |
|
1 |
|a Brno :
|b Ústav výzkumu globální změny AV ČR, v.v.i.,
|c 2024
|
| 300 |
|
|
|a 64 stran :
|b ilustrace (převážně barevné) ;
|c 21 cm
|
| 336 |
|
|
|a text
|b txt
|2 rdacontent
|
| 337 |
|
|
|a bez média
|b n
|2 rdamedia
|
| 338 |
|
|
|a svazek
|b nc
|2 rdacarrier
|
| 490 |
1 |
|
|a Certifikovaná metodika
|
| 500 |
|
|
|a Název z obálky
|
| 504 |
|
|
|a Obsahuje bibliografii a bibliografické odkazy
|
| 546 |
|
|
|a České a anglické resumé
|
| 650 |
0 |
7 |
|a ječmen
|7 ph505535
|2 czenas
|
| 650 |
0 |
7 |
|a výživa rostlin
|7 ph127488
|2 czenas
|
| 650 |
0 |
7 |
|a kořeny rostlin
|7 ph198766
|2 czenas
|
| 650 |
0 |
7 |
|a osmoregulace
|7 ph721149
|2 czenas
|
| 650 |
0 |
9 |
|a Hordeum
|2 eczenas
|
| 650 |
0 |
9 |
|a plant nutrition
|2 eczenas
|
| 650 |
0 |
9 |
|a roots (botany)
|2 eczenas
|
| 650 |
0 |
9 |
|a osmoregulation
|2 eczenas
|
| 655 |
|
7 |
|a certifikované metodiky
|7 fd806827
|2 czenas
|
| 655 |
|
9 |
|a certified methodology
|2 eczenas
|
| 700 |
1 |
|
|a Findurová, Hana
|7 ola20241220289
|4 aut
|
| 700 |
1 |
|
|a Urban, Otmar,
|d 1973-
|7 mzk2008486654
|4 aut
|
| 700 |
1 |
|
|a Holub, Petr
|7 ola20191026550
|4 aut
|
| 810 |
2 |
|
|a Ústav výzkumu globální změny (Akademie věd ČR).
|t Metodika
|0 s
|
| 910 |
2 |
|
|a BOA001
|b 2-1525.238
|
| 928 |
9 |
|
|a Akademie věd České republiky, Ústav výzkumu globální změny
|
| 990 |
|
|
|a BK
|
| 995 |
|
|
|a 01
|
| 991 |
|
|
|b 202405
|c NOV
|
| 996 |
6 |
|
|b 2610967606
|c 2-1525.238
|l MZK
|r Sklad / do 1 hodiny
|n 0
|p p.v.
|w 001962521
|u 000010
|a 1
|e BOA001
|j MZK50
|s P
|
| 996 |
7 |
|
|b 2610967609
|c 2-1525.238
|l MZK
|r Sklad / do 1 hodiny
|n 0
|p p.v.
|w 001962521
|u 000020
|a 1
|e BOA001
|j MZK50
|s A
|